Digital design and computer architecture /

Digital Design and Computer Architecture: ARM Edition covers the fundamentals of digital logic design and reinforces logic concepts through the design of an ARM microprocessor. Combining an engaging and humorous writing style with an updated and hands-on approach to digital design, this book takes t...

Full description

Bibliographic Details
Main Authors: Harris, Sarah L. (Author), Harris, David Money (Author)
Corporate Author: ScienceDirect (Online service)
Format: eBook
Language:English
Published: Waltham, MA : Morgan Kaufmann, [2016]
Edition:ARM® edition.
Subjects:
Online Access:Connect to the full text of this electronic book

MARC

Tag First Indicator Second Indicator Subfields
LEADER 00000cam a22000007i 4500
001 in00005773443
005 20260327180125.8
006 m o d
007 cr cnu|||unuuu
008 240625s2016 maua o 001 0 eng d
010 |a  2015932036 
040 |a ORMDA  |b eng  |e rda  |e pn  |c ORMDA  |d OCLCO  |d OPELS  |d YDXCP  |d CUS  |d TEFOD  |d YDX  |d WAU  |d TFW  |d SFB  |d OCLCF  |d UKAHL  |d VT2  |d ORE  |d ORZ  |d OCLCL  |d OCLCQ 
015 |a GBB573160  |2 bnb 
019 |a 914717762  |a 924634387  |a 1138139507  |a 1150175203  |a 1164448431  |a 1235839716  |a 1256594523 
020 |a 9780128009116  |q (electronic bk.) 
020 |a 012800911X  |q (electronic bk.) 
020 |z 9780128000564 
020 |z 0128000562 
035 |a (OCoLC)1442061504  |z (OCoLC)914717762  |z (OCoLC)924634387  |z (OCoLC)1138139507  |z (OCoLC)1150175203  |z (OCoLC)1164448431  |z (OCoLC)1235839716  |z (OCoLC)1256594523 
037 |a 9780128009116  |b O'Reilly Media 
050 4 |a TK7868.D5 
082 0 4 |a 621.39/5  |2 23/eng/20240625 
049 |a TXAM 
100 1 |a Harris, Sarah L.,  |e author.  |1 https://id.oclc.org/worldcat/entity/E39PCjybH8Gr9CcK3rKtKyQYHd 
245 1 0 |a Digital design and computer architecture /  |c Sarah L. Harris, David Money Harris. 
250 |a ARM® edition. 
264 1 |a Waltham, MA :  |b Morgan Kaufmann,  |c [2016] 
300 |a 1 online resource (584 pages) :  |b illustrations 
336 |a text  |b txt  |2 rdacontent 
337 |a computer  |b c  |2 rdamedia 
338 |a online resource  |b cr  |2 rdacarrier 
500 |a Includes index. 
520 |a Digital Design and Computer Architecture: ARM Edition covers the fundamentals of digital logic design and reinforces logic concepts through the design of an ARM microprocessor. Combining an engaging and humorous writing style with an updated and hands-on approach to digital design, this book takes the reader from the fundamentals of digital logic to the actual design of an ARM processor. By the end of this book, readers will be able to build their own microprocessor and will have a top-to-bottom understanding of how it works. Beginning with digital logic gates and progressing to the design of combinational and sequential circuits, this book uses these fundamental building blocks as the basis for designing an ARM processor. SystemVerilog and VHDL are integrated throughout the text in examples illustrating the methods and techniques for CAD-based circuit design. The companion website includes a chapter on I/O systems with practical examples that show how to use the Raspberry Pi computer to communicate with peripheral devices such as LCDs, Bluetooth radios, and motors. This book will be a valuable resource for students taking a course that combines digital logic and computer architecture or students taking a two-quarter sequence in digital logic and computer organization/architecture. 
504 |a Includes bibliographical references and index. 
505 0 |a From zero to one -- Combinational logic design -- Sequential logic design -- Hardware description languages -- Digital building blocks -- Architecture -- Microarchitecture -- Memory systems -- I/O systems -- Appendix A. Digital system implementation -- Appendix B. ARM instructions -- Appendix C. C programming. 
650 0 |a Digital electronics. 
650 0 |a Logic design. 
650 0 |a Computer architecture. 
650 6 |a Électronique numérique. 
650 6 |a Structure logique. 
650 6 |a Ordinateurs  |x Architecture. 
650 7 |a Computer architecture  |2 fast 
650 7 |a Digital electronics  |2 fast 
650 7 |a Logic design  |2 fast 
655 7 |a Electronic books.  |2 local 
700 1 |a Harris, David Money,  |e author.  |1 https://id.oclc.org/worldcat/entity/E39PBJdgVRDGjcR3WJ7cPdY9Dq 
710 2 |a ScienceDirect (Online service) 
776 0 8 |i Print version:  |a Harris, Sarah L.  |t Digital design and computer architecture.  |b ARM® edition.  |d Amsterdam : Elsevier/Morgan Kaufmann, [2016]  |z 0128000562  |w (DLC) 2015932036  |w (OCoLC)900028206 
856 4 0 |u http://proxy.library.tamu.edu/login?url=https://www.sciencedirect.com/science/book/9780128000564  |z Connect to the full text of this electronic book  |t 0 
955 |a Elsevier ScienceDirect 2026-2027 
955 |a Safari/O'Reilly ebooks 
994 |a 92  |b TXA 
999 f f |i 6d0bcd7d-ec45-4870-b913-7169e8345f5c  |s 1276edaa-e6bd-4177-b5f1-f9dfc9c562fb  |t 0 
952 f f |a Texas A&M University  |b College Station  |c Electronic Resources  |s www_evans  |d Available Online  |t 0  |e TK7868.D5   |h Library of Congress classification 
998 f f |a TK7868.D5   |t 0  |l Available Online